000 00609cam a2200217 04500
001 45232
021 _b11129/86
090 _a45232
100 _a19870217d1987 cdey0pory5003 ba
101 1 _afra
102 _aING
200 1 _aLe Petit Prince
_fAntoine de Saint-Exupéry
210 9 _aLondon
_cHeinemann Educational Books
_d[cop. 1958]
215 _a105 p.
_cil.
675 _a821.133.1-93"19"
_vBN
_zpor
675 _a087.5
_vBN
_zpor
675 _a821.133.1-34"19"
_vBN
_zpor
700 1 _aSaint-Exupéry,
_bAntoine de,
_f1900-1944
702 1 _aVarela,
_bJoana Morais,
_f1952-
_4730
801 0 _aPT
_bBN
_gRPC
990 _cLIVROS